Good news for bad times : (Record no. 7100)
[ view plain ]
| 000 -LEADER | |
|---|---|
| fixed length control field | 00590cam a2200193 i 4500 |
| 001 - CONTROL NUMBER | |
| control field | 3160873 |
| 005 - DATE AND TIME OF LATEST TRANSACTION | |
| control field | 20250722135834.0 |
| 008 - FIXED-LENGTH DATA ELEMENTS--GENERAL INFORMATION | |
| fixed length control field | 750818s1975 ilu 000 0 eng |
| 020 ## - INTERNATIONAL STANDARD BOOK NUMBER | |
| International Standard Book Number | 0882077198 : |
| Terms of availability | $1.75 |
| 020 ## - INTERNATIONAL STANDARD BOOK NUMBER | |
| International Standard Book Number | 9780882077192 |
| 050 00 - LIBRARY OF CONGRESS CALL NUMBER | |
| Classification number | BS2795.3 |
| Item number | .D4 |
| 082 00 - DEWEY DECIMAL CLASSIFICATION NUMBER | |
| Classification number | 227/.92/07 |
| 100 1# - MAIN ENTRY--PERSONAL NAME | |
| Personal name | DeHaan, Richard W. |
| 245 10 - TITLE STATEMENT | |
| Title | Good news for bad times : |
| Remainder of title | a study of 1 Peter / |
| Statement of responsibility, etc. | Richard W. De Haan and Herbert Vander Lugt. |
| 260 ## - PUBLICATION, DISTRIBUTION, ETC. | |
| Place of publication, distribution, etc. | Wheaton, Ill. : |
| Name of publisher, distributor, etc. | Victor Books, |
| Date of publication, distribution, etc. | c1975. |
| 300 ## - PHYSICAL DESCRIPTION | |
| Extent | 156 p. ; |
| Dimensions | 18 cm. |
| 700 1# - ADDED ENTRY--PERSONAL NAME | |
| Personal name | Vander Lugt, Herbert, |
| Relator term | joint author. |
| 942 ## - ADDED ENTRY ELEMENTS (KOHA) | |
| Source of classification or shelving scheme | Library of Congress Classification |
| Koha item type | Books |
| Suppress in OPAC | No |
| 999 ## - | |
| -- | 7100 |
| -- | 7100 |
| Withdrawn status | Lost status | Source of classification or shelving scheme | Damaged status | Not for loan | Collection | Home library | Current library | Shelving location | Date acquired | Total checkouts | Full call number | Barcode | Date last seen | Copy number | Price effective from | Koha item type |
|---|---|---|---|---|---|---|---|---|---|---|---|---|---|---|---|---|
| Library of Congress Classification | Non-fiction | Undergraduate Library (Christ Temple) | Undergraduate Library (Christ Temple) | General stacks | 07/22/2025 | BS 2795 DEH | ulct00004022 | 07/22/2025 | 1 | 07/22/2025 | Books |